Movies Quiz

Random Movies or Oscar Quiz
Score 0/60 Timer 10:00
0 Plays Today
% Correct
The Hurt Locker
73.5%
Crash
65.4%
Gladiator
63.3%
No Country for Old Men
62.5%
Slumdog Millionaire
62.3%
Russell Crowe
62.3%
The Departed
60.1%
The Lord of the Rings: The Return of the King
57.6%
Million Dollar Baby
57.3%
Denzel Washington
55.7%
Halle Berry
55.6%
Clint Eastwood
55.3%
Sean Penn
55.2%
Sean Penn
55.2%
Sandra Bullock
52.8%
Kate Winslet
52.6%
Hilary Swank
52.5%
Martin Scorsese
51.8%
Chicago
50.4%
Peter Jackson
50.2%
A Beautiful Mind
49.4%
Julia Roberts
48.9%
Heath Ledger
48.3%
Morgan Freeman
47.1%
Daniel Day-Lewis
47.1%
George Clooney
46.7%
Jeff Bridges
44.3%
Helen Mirren
44.2%
Kathryn Bigelow
43.8%
Nicole Kidman
43.2%
% Correct
Javier Bardem
42%
Joel & Ethan Coen
41.4%
Philip Seymour Hoffman
39.8%
Danny Boyle
38.5%
Adrien Brody
38.3%
Catherine Zeta-Jones
37.9%
Reese Witherspoon
37.7%
Ron Howard
37.5%
Renée Zellweger
36.3%
Ang Lee
36%
Jamie Foxx
34.9%
Forest Whitaker
33.6%
Penélope Cruz
33.4%
Charlize Theron
32.6%
Cate Blanchett
32.5%
Marion Cotillard
30.3%
Mo'Nique
30%
Jennifer Connelly
28.3%
Christoph Waltz
27.1%
Tim Robbins
27.1%
Jennifer Hudson
25.7%
Alan Arkin
23.6%
Roman Polanski
22.7%
Steven Soderbergh
22.2%
Tilda Swinton
21.8%
Benicio del Toro
21.6%
Chris Cooper
18.5%
Marcia Gay Harden
17.9%
Rachel Weisz
17%
Jim Broadbent
16.7%
Remove Ads.
Support Sporcle.
Get the best of Sporcle when you Go Orange. This ad-free experience offers more features, more stats, and more fun while also helping to support Sporcle. Thank you for becoming a member.

You're not logged in!

Compare scores with friends on all Sporcle quizzes.
OR
Log In

Sporcle TV

Today on Sporcle TV


Watch our educational content, quiz creation guides, and fun videos on Sporcle TV.

Show Comments

Extras

Top Quizzes Today


Score Distribution

Paid Content

Your Account Isn't Verified!

In order to create a playlist on Sporcle, you need to verify the email address you used during registration. Go to your Sporcle Settings to finish the process.

Report this User

Report this user for behavior that violates our Community Guidelines.

Details: